000 01001cai a22001935a 4500
001 L145411
008 081006u xxk g 000 0 eng d
035 _a(Sirsi) u145411
041 0 _aeng
110 2 _aUnited Kingdom
_bDepartment for Children, Schools and Families
_95533
245 0 0 _aBuilding schools for the future
_h[electronic resource]
520 _aSection of the teacher.net website provides information on the Building Schools for the Future (BSF) programme. Gives access to the programme, the latest news, forms, case studies and a knowledge portal of policy documents. Links to BSF portal and Partnership for the Schools.
590 _aKA
650 2 4 _aBUILDING SCHOOLS FOR THE FUTURE
651 4 _aEngland
_y886-
690 _aBUILT ENVIRONMENT-BUILDING TYPES-EDUCATIONAL, INFORMATION AND SCIENTIFIC FACILITIES
856 4 0 _uhttps://www.teachernet.gov.uk/management/resourcesfinanceandbuilding/bsf/
_zView the microsite free of charge online at www.teachernet.gov.uk...
942 _n0
999 _c120706
_d120706